[Event "AUT-chT2M 2223"]
[Site "Austria"]
[Date "2023.04.14"]
[Round "10.6"]
[White "Eibinger, Manuel"]
[Black "Hellmayr, Alois"]
[Result "1/2-1/2"]
[WhiteElo "2074"]
[BlackElo "2208"]
[PlyCount "60"]
[EventDate "2022.09.30"]
[EventType "team-tourn"]
[EventRounds "11"]
[EventCountry "AUT"]
[SourceTitle "EXT 2024"]
[Source "ChessBase"]
[SourceDate "2023.10.10"]
[SourceVersion "1"]
[SourceVersionDate "2023.10.10"]
[SourceQuality "1"]
[WhiteTeam "Fuerstenfeld/Hartberg"]
[BlackTeam "Sauwald"]
[WhiteTeamCountry "AUT"]
[BlackTeamCountry "AUT"]

1. d4 Nf6 2. c4 e6 3. Nf3 Bb4+ 4. Nbd2 0-0 5. a3 Bxd2+ 6. Bxd2 b6 7. g3 Bb7 8. Bg2 d6 9. 0-0 Nbd7 10. b4 Qe7 11. Bc3 c5 12. dxc5 bxc5 13. b5 Rfd8 14. Qb3 d5 15. cxd5 exd5 16. e3 Ne4 17. Bb2 c4 18. Qc2 c3 19. Bc1 a6 20. Nd4 Rac8 21. a4 Ne5 22. Ba3 Qf6 23. f3 Nd6 24. Bh3 Rc4 25. Bc1 a5 26. Ra3 Bc8 27. Bg2 Bf5 28. Nxf5 Nxf5 29. Bh3 Nd7 30. Re1 Nb6 1/2-1/2

[Event "Mittelfrank Regionalliga Sud-Ost 2223"]
[Site "Mittelfranken"]
[Date "2022.12.11"]
[Round "4.2"]
[White "Hellmayr, Alois"]
[Black "Bergerhoff, Andreas"]
[Result "1/2-1/2"]
[WhiteElo "2115"]
[BlackElo "2025"]
[PlyCount "39"]
[EventDate "2022.10.09"]
[EventType "team-tourn"]
[EventRounds "9"]
[EventCountry "GER"]
[SourceTitle "EXT 2024"]
[Source "ChessBase"]
[SourceDate "2023.10.10"]
[SourceVersion "1"]
[SourceVersionDate "2023.10.10"]
[SourceQuality "1"]
[WhiteTeam "Passau II"]
[BlackTeam "Bruckmuehl"]
[WhiteTeamCountry "GER"]
[BlackTeamCountry "GER"]

1. Nf3 d5 2. g3 Nf6 3. Bg2 Nc6 4. d4 Bf5 5. 0-0 e6 6. c4 Be7 7. cxd5 exd5 8. Nc3 Ne4 9. Bf4 g5 10. Be3 h5 11. Nd2 Nxc3 12. bxc3 Qd7 13. f3 h4 14. Bf2 hxg3 15. Bxg3 Bh3 16. Rf2 f5 17. Bxh3 Rxh3 18. Rg2 0-0-0 19. e3 Bd6 20. Nf1 1/2-1/2

[Event "BL2-Ost 2122"]
[Site "Germany"]
[Date "2022.07.02"]
[Round "9.5"]
[White "Mueller, Matthias"]
[Black "Hellmayr, Alois"]
[Result "1-0"]
[WhiteElo "2387"]
[BlackElo "2219"]
[PlyCount "147"]
[EventDate "2022.03.05"]
[EventType "team-tourn"]
[EventRounds "10"]
[EventCountry "GER"]
[SourceTitle "EXT 2023"]
[Source "ChessBase"]
[SourceDate "2022.10.05"]
[SourceVersion "1"]
[SourceVersionDate "2022.10.05"]
[SourceQuality "1"]
[WhiteTeam "Erfurt"]
[BlackTeam "Passau"]
[WhiteTeamCountry "GER"]
[BlackTeamCountry "GER"]

1. e4 c5 2. Nf3 a6 3. c4 Nc6 4. d4 cxd4 5. Nxd4 e5 6. Nf5 d6 7. Ne3 g6 8. Bd3 Bh6 9. 0-0 Nge7 10. Nc3 0-0 11. Bd2 Be6 12. Rc1 Rc8 13. b3 Nd4 14. Nc2 Bxd2 15. Qxd2 Nec6 16. Nxd4 Nxd4 17. Ne2 Nxe2+ 18. Bxe2 Rc6 19. Rfd1 Qc7 20. h4 Rc8 21. h5 Qe7 22. h6 Qh4 23. Rc3 b5 24. g3 Qe7 25. Rdc1 b4 26. Rd3 Rb8 27. Rd1 Rbb6 28. Kg2 a5 29. Qe3 Rb8 30. Bf3 a4 31. Qd2 axb3 32. axb3 Rbb6 33. Ra1 Rc8 34. Ra4 Rcb8 35. Qe3 f6 36. Qe2 Kf7 37. Qc2 Qc7 38. Rd1 Ke7 39. Rda1 Bd7 40. Ra5 Bc6 41. Qe2 Bd7 42. Qe3 Rc6 43. Ra7 Qc8 44. Bg4 Rc7 45. Bxd7 Qxd7 46. Rxc7 Qxc7 47. Ra7 Rb7 48. Ra8 Qc6 49. Rh8 Ke6 50. Qf3 Rf7 51. Qd3 Kd7 52. Rb8 Kc7 53. Rxb4 f5 54. Qd5 Qxd5 55. cxd5 fxe4 56. Rc4+ Kb7 57. Rxe4 Kb6 58. Rc4 Kb5 59. Rc6 g5 60. Rxd6 Kc5 61. Rd8 Rf6 62. Rg8 Rxh6 63. Rxg5 Kd4 64. Rg4+ Kxd5 65. Rh4 Rb6 66. Rxh7 Rxb3 67. Re7 e4 68. Re8 Kd4 69. Rf8 Kd3 70. Rf4 Rb8 71. g4 Rg8 72. Kg3 Rg7 73. Rf5 e3 74. Rf3 1-0

[Event "BL2-Ost 2122"]
[Site "Germany"]
[Date "2022.05.14"]
[Round "5.7"]
[White "Hellmayr, Alois"]
[Black "Krstic, Petar"]
[Result "1/2-1/2"]
[WhiteElo "2219"]
[BlackElo "2296"]
[PlyCount "49"]
[EventDate "2022.03.05"]
[EventType "team-tourn"]
[EventRounds "10"]
[EventCountry "GER"]
[SourceTitle "EXT 2023"]
[Source "ChessBase"]
[SourceDate "2022.10.05"]
[SourceVersion "1"]
[SourceVersionDate "2022.10.05"]
[SourceQuality "1"]
[WhiteTeam "Passau"]
[BlackTeam "Deggendorf"]
[WhiteTeamCountry "GER"]
[BlackTeamCountry "GER"]

1. Nf3 d5 2. g3 Nc6 3. d4 Bf5 4. Bg2 Nb4 5. Na3 e6 6. c3 Nc6 7. Nc2 h6 8. 0-0 Nf6 9. b4 a6 10. a4 Be7 11. Bb2 0-0 12. Nce1 Ne4 13. Nd3 Nd6 14. Nd2 a5 15. b5 Nb8 16. Qb3 Nd7 17. c4 c6 18. c5 Ne4 19. Rfd1 Qc7 20. b6 Qb8 21. Rac1 Rd8 22. f3 Nxd2 23. Rxd2 Bg5 24. f4 Be7 25. Nf2 1/2-1/2

[Event "AUT-chT2M 2122"]
[Site "Austria"]
[Date "2022.03.27"]
[Round "9.6"]
[White "Hellmayr, Alois"]
[Black "Kravanja, Georg"]
[Result "1/2-1/2"]
[WhiteElo "2214"]
[BlackElo "2199"]
[PlyCount "53"]
[EventDate "2021.10.01"]
[EventType "team-tourn"]
[EventRounds "11"]
[EventCountry "AUT"]
[SourceTitle "EXT 2023"]
[Source "ChessBase"]
[SourceDate "2022.10.05"]
[SourceVersion "1"]
[SourceVersionDate "2022.10.05"]
[SourceQuality "1"]
[WhiteTeam "Sauwald"]
[BlackTeam "Graz Schachfreunde"]
[WhiteTeamCountry "AUT"]
[BlackTeamCountry "AUT"]

1. Nf3 Nf6 2. g3 g6 3. Bg2 Bg7 4. 0-0 0-0 5. d4 d5 6. c3 c6 7. a4 Nbd7 8. Nbd2 Qc7 9. Re1 e5 10. dxe5 Nxe5 11. Nxe5 Qxe5 12. e4 Qc7 13. exd5 Nxd5 14. Nc4 Be6 15. Ne3 Rad8 16. Nxd5 Bxd5 17. Bxd5 Rxd5 18. Qc2 Qd7 19. Be3 b6 20. Rad1 Rd8 21. Rxd5 Qxd5 22. Re2 Qd1+ 23. Kg2 Qd5+ 24. Kg1 Qd1+ 25. Kg2 Qd5+ 26. Kg1 Qd1+ 27. Kg2 1/2-1/2

[Event "BL2-Ost 1920"]
[Site "Germany"]
[Date "2019.11.24"]
[Round "4.6"]
[White "Weishaeutel, Moritz"]
[Black "Hellmayr, Alois"]
[Result "0-1"]
[WhiteElo "2260"]
[BlackElo "2254"]
[PlyCount "52"]
[EventDate "2019.10.19"]
[EventType "team-tourn"]
[EventRounds "11"]
[EventCountry "GER"]
[SourceTitle "CBM 194 Extra"]
[Source "ChessBase"]
[SourceDate "2020.03.31"]
[SourceVersion "1"]
[SourceVersionDate "2020.03.31"]
[SourceQuality "1"]
[WhiteTeam "Erfurt"]
[BlackTeam "Passau"]
[WhiteTeamCountry "GER"]
[BlackTeamCountry "GER"]

1. e4 c5 2. Nf3 Nc6 3. d4 cxd4 4. Nxd4 Qb6 5. Nb3 Nf6 6. Nc3 e6 7. a3 Qc7 8. g3 a6 9. Bg2 d6 10. 0-0 Be7 11. f4 0-0 12. Qe2 Re8 13. Bd2 Nd7 14. Rae1 Rb8 15. Nd1 b5 16. Bc3 a5 17. e5 b4 18. axb4 axb4 19. exd6 Bxd6 20. Bd2 Nf6 21. Ne3 Bb7 22. Ra1 e5 23. Qf2 Nd4 24. Nxd4 exd4 25. Nf5 Ng4 26. Nxd6 Qxd6 0-1

[Event "BL2-Ost 1920"]
[Site "Germany"]
[Date "2019.10.19"]
[Round "1.7"]
[White "Hellmayr, Alois"]
[Black "Gross, Willi"]
[Result "1/2-1/2"]
[WhiteElo "2254"]
[BlackElo "2120"]
[PlyCount "129"]
[EventDate "2019.10.19"]
[EventType "team-tourn"]
[EventRounds "11"]
[EventCountry "GER"]
[SourceTitle "CBM 194 Extra"]
[Source "ChessBase"]
[SourceDate "2020.03.31"]
[SourceVersion "1"]
[SourceVersionDate "2020.03.31"]
[SourceQuality "1"]
[WhiteTeam "Passau"]
[BlackTeam "Bad Mergentheim"]
[WhiteTeamCountry "GER"]
[BlackTeamCountry "GER"]

1. d4 Nf6 2. Nf3 g6 3. Nbd2 Bg7 4. e4 d6 5. Bb5+ c6 6. Bd3 0-0 7. a4 Qc7 8. 0-0 Nbd7 9. Qe2 e5 10. dxe5 dxe5 11. b3 Re8 12. Bb2 Nc5 13. Nc4 Nh5 14. Qe3 Nxd3 15. Qxd3 Rd8 16. Qc3 Nf4 17. Rfe1 f6 18. a5 Bf8 19. Bc1 Ne6 20. Be3 c5 21. Qb2 Nd4 22. Nfd2 Be6 23. c3 Nb5 24. Qc2 Rd7 25. a6 b6 26. Nb2 f5 27. f3 f4 28. Bf2 g5 29. Ndc4 Bg7 30. Red1 Rad8 31. Rxd7 Rxd7 32. Nd3 Bf6 33. Kf1 h5 34. Ke2 g4 35. Be1 Rg7 36. Bf2 Kh8 37. Ne1 Kg8 38. Rd1 Qc8 39. Ra1 Kh8 40. Ra4 gxf3+ 41. gxf3 Nc7 42. Nd6 Qd7 43. Nf5 Bxf5 44. exf5 Nb5 45. Qd3 Qc6 46. Kf1 Rd7 47. Qc2 Rg7 48. Re4 Nd6 49. Re2 Qc8 50. Qd3 Nxf5 51. Ng2 Rc7 52. Qe4 Rg7 53. b4 c4 54. Rd2 h4 55. Rd5 Ne7 56. Rd6 Qh3 57. Rxf6 Rxg2 58. Ke2 Qxh2 59. Rh6+ Kg8 60. Qh7+ Kf8 61. Rf6+ Ke8 62. Qf7+ Kd7 63. Qe6+ Ke8 64. Qf7+ Kd7 65. Qe6+ 1/2-1/2

[Event "Niederoesterreich Landesliga 1920"]
[Site "Austria"]
[Date "2019.09.22"]
[Round "1.1"]
[White "Hellmayr, Alois"]
[Black "Froewis, Georg"]
[Result "0-1"]
[WhiteElo "2258"]
[BlackElo "2429"]
[PlyCount "62"]
[EventDate "2019.09.22"]
[EventType "team-tourn"]
[EventRounds "9"]
[EventCountry "AUT"]
[SourceTitle "CBM 195 Extra"]
[Source "ChessBase"]
[SourceDate "2020.05.31"]
[SourceVersion "1"]
[SourceVersionDate "2020.05.31"]
[SourceQuality "1"]
[WhiteTeam "Boehlerwerk"]
[BlackTeam "Krems Voest"]
[WhiteTeamCountry "AUT"]
[BlackTeamCountry "AUT"]

1. Nf3 b6 2. e4 Bb7 3. Bc4 e6 4. e5 c5 5. 0-0 Nc6 6. c3 Qc7 7. d4 cxd4 8. cxd4 Rc8 9. Be2 f6 10. exf6 Nxf6 11. Nc3 Nb4 12. Ne5 Nbd5 13. Bg5 Nxc3 14. bxc3 Be7 15. Bd3 0-0 16. c4 d6 17. Ng4 Qc6 18. Ne3 Qe8 19. Rc1 Rc7 20. Qe2 Nh5 21. Bxe7 Rxe7 22. g3 e5 23. Nd5 Bxd5 24. cxd5 Nf6 25. Rc6 exd4 26. Qb2 Ng4 27. Rxd6 Ne5 28. Qc2 Nf3+ 29. Kg2 Qh5 30. h3 Ne1+ 31. Rxe1 Qf3+ 0-1

[Event "BL2-Ost 1819"]
[Site "Germany"]
[Date "2019.03.24"]
[Round "10.7"]
[White "Hellmayr, Alois"]
[Black "Walter, Florian"]
[Result "1/2-1/2"]
[WhiteElo "2283"]
[BlackElo "2211"]
[PlyCount "74"]
[EventDate "2018.11.10"]
[EventType "team-tourn"]
[EventRounds "10"]
[EventCountry "GER"]
[SourceTitle "CBM 190 Extra"]
[Source "ChessBase"]
[SourceDate "2019.07.15"]
[SourceVersion "1"]
[SourceVersionDate "2019.07.15"]
[SourceQuality "1"]
[WhiteTeam "Passau"]
[BlackTeam "Nuernberg NT"]
[WhiteTeamCountry "GER"]
[BlackTeamCountry "GER"]

1. d4 Nf6 2. Nf3 g6 3. Nbd2 d5 4. e3 Bg7 5. b4 0-0 6. c4 a5 7. b5 c5 8. bxc6 bxc6 9. Ba3 Nbd7 10. Rc1 Re8 11. Be2 Ba6 12. 0-0 Rc8 13. cxd5 Bxe2 14. Qxe2 cxd5 15. Qb5 Rb8 16. Qa4 Bf8 17. Rc6 Rb6 18. Rxb6 Qxb6 19. Rb1 Qa6 20. Ne5 Rb8 21. Rc1 Nxe5 22. dxe5 Qe2 23. Qxa5 Ng4 24. Rf1 Rc8 25. Nf3 Rb8 26. Qc7 Ra8 27. Bxe7 Nxe3 28. Re1 Qc2 29. Qxc2 Nxc2 30. Rc1 Rxa2 31. Bd6 d4 32. Rd1 Bxd6 33. exd6 Ra6 34. Kf1 Rxd6 35. Ke2 Kg7 36. Rd3 Kf6 37. Kd2 Nb4 1/2-1/2

[Event "AUT-chT2M 1819"]
[Site "Austria"]
[Date "2018.11.25"]
[Round "5.6"]
[White "Hellmayr, Alois"]
[Black "Lentrodt, Thomas"]
[Result "1/2-1/2"]
[WhiteElo "2268"]
[BlackElo "2277"]
[PlyCount "203"]
[EventDate "2018.10.19"]
[EventType "team-tourn"]
[EventRounds "11"]
[EventCountry "AUT"]
[SourceTitle "CBM 187 Extra"]
[Source "ChessBase"]
[SourceDate "2018.11.04"]
[SourceVersion "1"]
[SourceVersionDate "2018.11.04"]
[SourceQuality "1"]
[WhiteTeam "Sauwald"]
[BlackTeam "Grieskirchen/Bad Schallenberg"]
[WhiteTeamCountry "AUT"]
[BlackTeamCountry "AUT"]

1. Nf3 d5 2. g3 Nf6 3. Bg2 Nbd7 4. c4 e6 5. b3 Be7 6. Bb2 0-0 7. 0-0 b6 8. d4 Bb7 9. Nbd2 c5 10. e3 Rc8 11. Qe2 dxc4 12. Nxc4 Qc7 13. Rac1 Qb8 14. Nfe5 Bxg2 15. Kxg2 Nxe5 16. Nxe5 cxd4 17. Bxd4 Ba3 18. Rxc8 Rxc8 19. Qf3 Qa8 20. Qxa8 Rxa8 21. Nc6 Nd5 22. e4 Nc7 23. b4 Nb5 24. Rd1 Kf8 25. Be5 Rc8 26. Nd4 Nxd4 27. Bd6+ Ke8 28. Rxd4 Rc2 29. e5 Bb2 30. Rd3 f6 31. exf6 gxf6 32. Bb8 a6 33. a4 b5 34. axb5 axb5 35. Ba7 Rc4 36. Bc5 Bc3 37. Rd6 Kf7 38. Rd7+ Kg6 39. Rb7 Bxb4 40. Be3 Bc5 41. Rxb5 Bxe3 42. fxe3 Rc2+ 43. Kf3 Rxh2 44. Ra5 Rh5 45. Ra8 Rf5+ 46. Kg2 Rc5 47. Kf3 Rc2 48. Rg8+ Kf7 49. Rh8 Rh2 50. Ra8 h5 51. Rh8 e5 52. Rh7+ Kg6 53. Rh8 Kf5 54. e4+ Kg6 55. Rg8+ Kf7 56. Rh8 Kg7 57. Ra8 Rc2 58. Rb8 Rc3+ 59. Kf2 h4 60. gxh4 Rh3 61. Ra8 Rxh4 62. Kf3 Rf4+ 63. Ke3 Kg6 64. Rg8+ Kh5 65. Rh8+ Kg4 66. Rg8+ Kh3 67. Rg6 Kh4 68. Rh6+ Kg5 69. Rh8 Rh4 70. Rg8+ Kh5 71. Rh8+ Kg4 72. Rg8+ Kh3 73. Rg6 Rf4 74. Rg8 Rg4 75. Rh8+ Rh4 76. Rf8 Rh6 77. Rg8 Kh4 78. Kf3 Kh5 79. Rf8 Kg6 80. Rg8+ Kf7 81. Ra8 Rh3+ 82. Kf2 Kg6 83. Rg8+ Kh5 84. Rg7 Rh4 85. Kf3 Rf4+ 86. Ke3 Rg4 87. Rh7+ Kg6 88. Rh8 Rg3+ 89. Kf2 Rb3 90. Rg8+ Kf7 91. Ra8 Rb7 92. Ra6 Kg6 93. Rc6 Kg5 94. Ra6 Rb3 95. Rc6 Kf4 96. Rxf6+ Kxe4 97. Ra6 Rb2+ 98. Ke1 Kf4 99. Ra3 e4 100. Rc3 Rg2 101. Ra3 Rb2 102. Rc3 1/2-1/2

[Event "Niederoesterreich Landesliga 1819"]
[Site "Austria"]
[Date "2018.10.28"]
[Round "3.1"]
[White "Hellmayr, Alois"]
[Black "Froewis, Georg"]
[Result "0-1"]
[WhiteElo "2273"]
[BlackElo "2419"]
[PlyCount "118"]
[EventDate "2018.09.30"]
[EventType "team-tourn"]
[EventRounds "11"]
[EventCountry "AUT"]
[SourceTitle "CBM 189 Extra"]
[Source "ChessBase"]
[SourceDate "2019.06.03"]
[SourceVersion "1"]
[SourceVersionDate "2019.06.03"]
[SourceQuality "1"]
[WhiteTeam "Boehlerwerk"]
[BlackTeam "Krems Voest"]
[WhiteTeamCountry "AUT"]
[BlackTeamCountry "AUT"]

1. Nf3 d5 2. g3 Bg4 3. Bg2 Nd7 4. c4 e6 5. Qb3 Nc5 6. Qc2 Nf6 7. d3 c6 8. 0-0 Be7 9. Nbd2 0-0 10. b3 Nfd7 11. b4 Na6 12. a3 Nc7 13. Bb2 Bf6 14. cxd5 exd5 15. e3 Re8 16. Rfc1 a5 17. Bxf6 Qxf6 18. bxa5 Rxa5 19. a4 Rea8 20. Nd4 Ne6 21. Nxe6 Bxe6 22. d4 Qe7 23. Qb3 Nf6 24. Rc5 Rxc5 25. dxc5 d4 26. Qa3 dxe3 27. Qxe3 Nd7 28. Nb3 Qf6 29. Nd4 Nxc5 30. Rb1 Rxa4 31. Nxe6 Nxe6 32. Rxb7 Ra1+ 33. Bf1 g6 34. Kg2 Ra8 35. Bc4 Re8 36. h4 Kg7 37. Qa7 h5 38. Qe3 Nd8 39. Qxe8 Nxb7 40. Qe3 Nd6 41. Bb3 Nf5 42. Qe4 Nd4 43. Bc4 c5 44. Qd5 Qf5 45. Qb7 Nc2 46. Bd5 Ne1+ 47. Kf1 Nd3 48. f3 Ne5 49. Kg2 c4 50. Qc7 Ng4 51. Be4 Qe6 52. Qb7 Nf6 53. Qb2 Kh7 54. Ba8 Nd5 55. Qd4 Ne3+ 56. Kf2 Nf5 57. Qc3 Qb6+ 58. Kg2 Qb8 59. Qxc4 Ne3+ 0-1

[Event "Oberliga Bayern 1718"]
[Site "Bayern"]
[Date "2018.04.15"]
[Round "9.6"]
[White "Hellmayr, Alois"]
[Black "Walter, Florian"]
[Result "1-0"]
[WhiteElo "2238"]
[BlackElo "2203"]
[PlyCount "139"]
[EventDate "2017.10.22"]
[EventType "team-tourn"]
[EventRounds "9"]
[EventCountry "GER"]
[SourceTitle "EXT 2020"]
[Source "ChessBase"]
[SourceDate "2019.10.17"]
[SourceVersion "1"]
[SourceVersionDate "2019.10.17"]
[SourceQuality "1"]
[WhiteTeam "Passau"]
[BlackTeam "Nuernberg NT II"]
[WhiteTeamCountry "GER"]
[BlackTeamCountry "GER"]

1. Nf3 c5 2. b3 d5 3. e3 Nf6 4. Bb2 Bg4 5. Bb5+ Nbd7 6. h3 Bxf3 7. Qxf3 a6 8. Bxd7+ Qxd7 9. d3 e6 10. Bxf6 gxf6 11. Qxf6 Rg8 12. Qf3 Bg7 13. c3 Qb5 14. Qe2 Qa5 15. Qd2 b5 16. d4 c4 17. b4 Qa4 18. 0-0 a5 19. a3 Bf8 20. bxa5 Rxa5 21. Ra2 f5 22. Qe2 Ra7 23. f4 Rg6 24. Rf2 Rag7 25. Rb2 Be7 26. Qc2 Qa5 27. Nd2 Rg3 28. Nf3 Rxh3 29. Qb1 Qxc3 30. Rxb5 Qxe3 31. Rb8+ Kf7 32. Ne5+ Kf6 33. Nd7+ Kf7 34. Ne5+ Kf6 35. Nd7+ Kg6 36. gxh3 Kh6+ 37. Kf1 Bh4 38. Rbb2 Bxf2 39. Rxf2 Rxd7 40. Qb8 Qd3+ 41. Re2 Qd1+ 42. Kf2 Qxd4+ 43. Ke1 Qf6 44. Qg8 Re7 45. Kd2 Qd4+ 46. Ke1 Qf6 47. Kd2 Qg6 48. Qc8 Kg7 49. a4 Kf7 50. a5 Qg3 51. Qb8 Qd3+ 52. Ke1 c3 53. Rg2 Qe4+ 54. Kf1 Qc4+ 55. Kg1 Qc5+ 56. Kh1 Re8 57. Qb7+ Qe7 58. Qc6 d4 59. a6 Rb8 60. Qf3 Rb1+ 61. Kh2 Rb2 62. Qh5+ Kf8 63. Qh6+ Ke8 64. Qh5+ Kd8 65. Qf3 Rxg2+ 66. Qxg2 d3 67. Qg8+ Kc7 68. a7 c2 69. a8Q c1Q 70. Qgc8+ 1-0

[Event "AUT-chT2M 1718"]
[Site "Austria"]
[Date "2018.04.07"]
[Round "11.3"]
[White "Hellmayr, Alois"]
[Black "Titz, Heimo"]
[Result "1-0"]
[WhiteElo "2238"]
[BlackElo "2141"]
[PlyCount "109"]
[EventDate "2017.10.27"]
[EventType "team-tourn"]
[EventRounds "11"]
[EventCountry "AUT"]
[SourceTitle "EXT 2019"]
[Source "ChessBase"]
[SourceDate "2018.10.10"]
[SourceVersion "1"]
[SourceVersionDate "2018.10.10"]
[SourceQuality "1"]
[WhiteTeam "Sauwald"]
[BlackTeam "Die Klagenfurter"]
[WhiteTeamCountry "AUT"]
[BlackTeamCountry "AUT"]

1. Nf3 Nf6 2. c4 c5 3. g3 b6 4. Bg2 Bb7 5. 0-0 e6 6. Nc3 Be7 7. d4 cxd4 8. Qxd4 d6 9. Rd1 a6 10. Ng5 Bxg2 11. Kxg2 Ra7 12. Nge4 Rd7 13. Be3 d5 14. cxd5 exd5 15. Nxd5 Nxd5 16. Qxg7 Nxe3+ 17. fxe3 Rf8 18. Rf1 Qc7 19. Rac1 Qb7 20. Qe5 Nc6 21. Qf5 Nd8 22. Kg1 Qd5 23. Qxh7 f5 24. Qh5+ Qf7 25. Rxf5 Qxh5 26. Rxh5 Ne6 27. Re5 Nc5 28. Nxc5 bxc5 29. Rcxc5 Rd1+ 30. Kg2 Rd2 31. Rc7 Rxe2+ 32. Kh3 Rh8+ 33. Kg4 Rh7 34. Ra7 Rxb2 35. Ra8+ Kd7 36. Rxa6 Rbxh2 37. Rd5+ Ke8 38. Ra8+ Kf7 39. Rf5+ Ke6 40. e4 Bd6 41. Rg5 Bxg3 42. Kxg3 R7h3+ 43. Kf4 Rf2+ 44. Kg4 Rhh2 45. Ra6+ Kf7 46. Rf5+ Ke7 47. Rxf2 Rxf2 48. a4 Kd7 49. a5 Kc7 50. Rh6 Kb7 51. a6+ Ka7 52. e5 Rf1 53. Rf6 Re1 54. Kf5 Re2 55. e6 1-0